Teach yourself VRML 2 in 21 days / (Record no. 183404)

MARC details
000 -LEADER
fixed length control field 00702nam a2200229Ia 4500
005 - DATE AND TIME OF LATEST TRANSACTION
control field 20230708110424.0
008 - FIXED-LENGTH DATA ELEMENTS--GENERAL INFORMATION
fixed length control field 210716s1998 xx 000 0 und d
020 ## - INTERNATIONAL STANDARD BOOK NUMBER
International Standard Book Number 8187105763
040 ## - CATALOGING SOURCE
Transcribing agency AIMIT LIBRARY
041 ## - LANGUAGE CODE
Language code of text/sound track or separate title eng
082 ## - DEWEY DECIMAL CLASSIFICATION NUMBER
Classification number 004.6061
Edition number 1
Item number MARC
100 ## - MAIN ENTRY--PERSONAL NAME
Personal name Marrin, Chris.
9 (RLIN) 126045
245 ## - TITLE STATEMENT
Title Teach yourself VRML 2 in 21 days /
Statement of responsibility, etc. By Chris Marrin and Bruce Campbell.
250 ## - EDITION STATEMENT
Edition statement 1st ed.
260 ## - PUBLICATION, DISTRIBUTION, ETC.
Place of publication, distribution, etc. New Delhi :
Name of publisher, distributor, etc. Techmedia ,
Date of publication, distribution, etc. 1998.
300 ## - PHYSICAL DESCRIPTION
Extent xviii,479p. ;
Other physical details PB
Dimensions 23.4 cm.
650 ## - SUBJECT ADDED ENTRY--TOPICAL TERM
Topical term or geographic name entry element Building complex objects
9 (RLIN) 126046
650 ## - SUBJECT ADDED ENTRY--TOPICAL TERM
Topical term or geographic name entry element Prototyping
9 (RLIN) 126047
650 ## - SUBJECT ADDED ENTRY--TOPICAL TERM
Topical term or geographic name entry element Using lights
9 (RLIN) 126048
700 ## - ADDED ENTRY--PERSONAL NAME
Personal name Campbell, Bruce.
9 (RLIN) 126049
942 ## - ADDED ENTRY ELEMENTS (KOHA)
Source of classification or shelving scheme Dewey Decimal Classification
Koha item type Book
Edition 1st
Call number prefix 004.6061 MARC
Holdings
Withdrawn status Lost status Damaged status Not for loan Collection code Home library Current library Date acquired Cost, normal purchase price Total Checkouts Full call number Barcode Date last seen Cost, replacement price Price effective from Koha item type
        MCA St Aloysius Institute of Management & Information Technology St Aloysius Institute of Management & Information Technology 07/16/2021 210.00   004.6061 MARC MCA02912 07/21/2025 210.00 07/16/2021 Book
        MCA St Aloysius Institute of Management & Information Technology St Aloysius Institute of Management & Information Technology 07/16/2021 210.00   004.6061 MARC MCA03915 07/21/2025 210.00 07/16/2021 Book